| 000 | 01115nas a2200337 4500 | ||
|---|---|---|---|
| 001 | BR2020000825 | ||
| 003 | BR-BrBNA | ||
| 005 | 20231205132114.0 | ||
| 007 | ta | ||
| 008 | 230509b bl.|||p| |||| 00| 00por d | ||
| 040 |
_aBR-BrBNA _bpor _cBiblioteca Nacional de Agricultura |
||
| 041 | _a(Pt) | ||
| 072 | _aU10 | ||
| 100 | 1 | _aMiranda, D.L.C. de | |
| 100 | 1 | _aAngelin, T.B. | |
| 100 | 1 | _aLisboa, G. dos S. | |
| 100 | 1 | _aSilva, F. da | |
| 100 | 1 | _aGouveia, D.M. | |
| 100 | 1 | _aCondé, T.M. | |
| 100 | 1 | _aSilva, C.S. da | |
| 245 | 1 | _aModelos estatísticos para estimativa do volume de árvores de Parkia gigantocarpa Ducke, em plantios experimentais em Mato Grosso | |
| 650 | _aFAVA | ||
| 650 | _aVOLUME | ||
| 650 | _aAMAZÔNIA | ||
| 650 | _aESTATÍSTICA | ||
| 773 | 0 |
_tNativa. Pesquisas Agrárias e Ambientais (Brazil) _xISSN 2318-7670 _g(Jan-Feb 2016), v. 4(1) p. 1-6 _wBR2020000825 |
|
| 856 | 4 | 0 | _uhttps://periodicoscientificos.ufmt.br/ojs/index.php/nativa/article/view/2924/pdf |
| 856 | 4 | 0 | _dLink DSPACE/MAPA BR2020000825 |
| 909 |
_a202311 _bLúcia _c55 _dLúcia Elande |
||
| 942 |
_2AGRIS _n0 _cANA |
||
| 999 |
_c258501 _d258501 |
||